[Event "WCPL:Cardigan-Abergavenny"]
[Site "?"]
[Date "2017.05.21"]
[Round "5.9"]
[White "Van Kemenade, Rudy"]
[Black "Waterfield, John W"]
[Result "1/2-1/2"]
[WhiteElo "1955"]
[BlackElo "1973"]
[Annotator "Rudy"]
[PlyCount "81"]
[EventDate "2017.05.21"]
[SourceDate "2017.05.21"]

1. e4 c5 2. Nf3 d6 3. Bb5+ Nd7 4. O-O Ngf6 (4... a6 {main}) 5. Re1 (5. Nc3 g6
6. d4 cxd4 7. Qxd4 Bg7 8. Bg5 O-O {East Devon op, 2009,0-1}) 5... a6 6. Bf1 g6
(6... e6 7. c3 (7. d4 cxd4 8. Qxd4 Qc7 9. c4 Ne5 10. Nxe5 dxe5 11. Qc3 Bc5 12.
Qg3 Qb6 13. h3 O-O 14. Nc3 Bd4 {Soszynski-Waterfield, 4NCL 2007,0-1}) 7... Be7
8. d4 O-O 9. h3 b6 10. Bd3 Bb7 11. a4 Qc7 12. Bf4 e5 13. dxe5 dxe5 14. Bg5 (14.
Bg3 c4 15. Bc2 $11 {Komodo11}) 14... c4 $15 {Van Kemenade-Waterfield,
Cardigan-Monmouth 2007,0-1}) 7. c3 Bg7 8. d4 O-O 9. h3 (9. e5 {at once, scores
well for Wh} Ne8 (9... dxe5 10. dxe5 Ng4 11. e6 {even worse for Bl}) 10. Bg5 (
10. Bf4 {both with an edge})) 9... e5 10. dxe5 Nxe5 (10... dxe5 11. a4 b6 12.
Bg5 Qc7 13. Nbd2 h6 (13... Bb7 14. Bc4 Bc6 15. Qe2 Qb7 16. Nh2 {Van
Kemenade-Boumphry, EU ind ch, Liverpool 2006, 1/2-1/2}) 14. Bxf6 Nxf6 15. Nc4
Rd8 16. Qb3 Rb8 17. Ncxe5 {S Kasparov-Leiber, Bodensee cup, Bregenz 2015,1-0})
11. Bg5 (11. Nxe5 dxe5 12. Qxd8 Rxd8 13. Nd2 (13. c4 $14 {Cloud Engines}) 13...
Be6 14. Nf3 Ne8 15. Be3 Rac8 16. Ng5 Bd7 17. Bc4 Nd6 18. Bd5 h6 19. Nf3 Bc6 {
Beltran Rueda-Lopez Martinez, Foment op 1995,0-1}) 11... Qb6 (11... Qc7 12. a4
Be6 13. Nbd2 h6 14. Bh4 Nh5 15. Nxe5 dxe5 16. Nc4 Nf4 17. Qf3 b5 (17... g5 $11)
18. axb5 axb5 19. Rxa8 Rxa8 20. Ne3 c4 21. Bg3 (21. Nd5) 21... Ra2 22. Rb1 Nd3
23. b3 $11 {Arribas Robaina-Zarate Oyague, Continental Women;s ch, 2016, 1-0})
12. b3 (12. Nbd2 {Komodo11. considered} Qxb2 13. Nxe5 dxe5 14. Nc4 Qxc3 15. Be3
$1 (15. Rc1 {considered}) 15... b5 16. Rc1 Qb4 17. a3 Qa4 18. Qxa4 bxa4 19.
Bxc5 $14 {Komodo11}) 12... Be6 13. Nxe5 dxe5 14. Qf3 (14. c4 $16 {considered;
Komodo11} Nd7 (14... h6 15. Bd2 Ne8 16. Nc3 Nd6 17. Nd5 Qd8 18. Rc1 $16 (18.
Bc3 $16 {Komodo11})) 15. Nc3 Nb8 16. Nd5 {& Bl has no time for Nc6-d4} Qa5 17.
a3 f6 18. Be3 Nc6 19. b4 $18 {the Q runs out of squares}) 14... Nd7 (14... Nh5
{considered by John} 15. g4 (15. c4 Nf4 16. Nc3 $14 {Komodo11}) (15. g3 $11 {
Rudy}) 15... Nf4 16. c4 (16. Bxf4 exf4 17. Qxf4 {John thought not enough
compensation} Rfe8 $15 {Komodo11})) 15. Nd2 (15. Na3) 15... Qc7 16. Bc4 Bxc4
17. Nxc4 b5 18. Ne3 Nb6 19. Ng4 (19. a4 $16 {Komod011} bxa4 20. bxa4 a5 21.
Reb1 f6 22. Bh4 Kh8 23. Rb5 c4 24. Nd5 Nxd5 25. exd5 Rab8 26. Rab1 $16) (19.
Bf6 $14 {Komodo11, but subverts Wh's entire strategy of play against a bad Bl B
}) 19... f6 20. Be3 (20. Bd2 {may well be better despite Bl's idea that text
is stronger. as allows N to e3} h5 21. Ne3 Rfd8 22. Rad1 c4 $11 {Komodo11})
20... Rad8 21. Rad1 h5 22. Nh2 (22. Rxd8 Qxd8 (22... Rxd8 23. Nxf6+ $18) 23.
Nh6+ Bxh6 (23... Kh7 24. Bxc5 Bxh6 25. Rd1 Qc7 (25... Qb8 26. Bxf8 Qxf8 27. Qd3
$18) 26. Bxf8 Bxf8 27. Qxf6 $18) 24. Bxh6 Rf7 25. Rd1 $16 {Komodo11}) 22... Rd6
(22... Qc6 23. g4 hxg4 24. hxg4 c4 25. g5 cxb3 26. axb3 Rxd1 27. Rxd1 Nd7 $11 {
Komodo11}) 23. Rxd6 Qxd6 24. Rd1 Qc7 25. g4 $1 {Komodo11} (25. Qg3 {considered
& pm analysis} Kh7 26. Nf3 Bh6 27. Nh4 Rg8 28. Bxh6 Kxh6 29. Kh2 Kh7 30. Qd3
$16 {Komodo11}) 25... h4 26. Qe2 (26. g5 $1 {looked at; Komodo11} Nd7 (26...
fxg5 27. Qg4 Re8 28. Nf3 $18) (26... f5 27. exf5 gxf5 28. g6 $18 f4 29. Qh5 Rc8
30. Qxh4 Qc6 (30... fxe3 31. fxe3 Kf8 32. Rf1+ Ke8 33. Qh7 $18) 31. Qh7+ Kf8
32. Ng4 Nd5 (32... Nd7 33. Bxc5+ Nxc5 34. Nh6 Qf6 35. Qg8+ Ke7 36. Qxc8 $18))
27. Qe2 f5 28. exf5 Rxf5 29. c4 $18 {Komodo11} (29. Qg4 Qc6 30. Qxh4 $16))
26... g5 27. Qd3 (27. Qf3 $1 {Komodo11} Rf7 28. Qf5 Bf8 29. Qe6 $16 (29. Nf3
$16)) 27... Rf7 (27... Qc6 28. Nf1 $14) 28. Qd8+ (28. Qd6 Bf8 29. Qe6 Kg7 30.
Nf3 Be7 31. Kg2 a5 32. c4 b4 33. Bc1 Qb7 34. Bb2 Kf8 35. Rd2 $16 {Komodo11})
28... Bf8 29. b4 {trying to get to the Bl Q side pawns; but premature} (29. Qe8
Nc8 30. Qe6 Nd6 31. f3 a5 32. Bf2 c4 33. Nf1 cxb3 34. axb3 Qxc3 35. Ne3 a4 36.
bxa4 bxa4 37. Rxd6 Bxd6 38. Qxd6 Qb3 $11 {Komodo11}) (29. Nf3 Qxd8 30. Rxd8 Rc7
31. Rb8 Rc6 32. Nd2 Kf7 33. Rb7+ Ke6 $11 {Komodo11}) (29. Nf1 {aiming for f5}
Kg7 30. f3 Qxd8 31. Rxd8 Rb7 32. Bf2 Be7 33. Rd2 Rd7 34. Rxd7 Nxd7 35. Ne3 Kf7
$11 {Komodo11 & something like pm analysis}) 29... Kg7 $15 30. a3 (30. Qe8 Rd7
$15) (30. Bxc5 Bxc5 31. bxc5 Qxc5 (31... Na4 32. Qa8 Qa7 33. Qe8 Qe7 34. Qa8
$11 {Komodo11})) 30... Nc4 31. Bc1 (31. Nf1 Qxd8 32. Rxd8 Rc7 (32... Nxa3 33.
Bxc5 Bxc5 34. bxc5 Rc7 35. Ne3 Nb1 36. Nf5+ Kf7 37. Rh8 Rxc5 38. Rh7+ Kg8 39.
Rb7 Rxc3 40. Rb8+ Kf7 41. Rb7+ Ke8 42. Nd6+ Kf8 43. Rf7+ Kg8 44. Re7 b4 45.
Re8+ $11 {repetition; Komodo11})) 31... a5 (31... Qxd8 32. Rxd8 Nd6 33. Nf1 (
33. f3 Rc7 $19 {Komodo11}) 33... Rc7 34. Bd2 Nxe4 35. Ne3 Kf7 36. Kf1 Be7 37.
Rd3 cxb4 38. cxb4 Ke6 $17 {Komodo11}) 32. bxa5 Qxd8 33. Rxd8 Ra7 34. Rb8 Rxa5
35. Nf1 (35. Rb7+ {considered} Kg8 $17) 35... Kf7 36. Rb7+ (36. Kg2) (36. Ne3)
36... Ke6 37. Be3 (37. Kg2 Nxa3 (37... Bd6 38. Kf3 $15) 38. Bxa3 Rxa3 39. Rxb5
Rxc3 40. Rb6+ Kd7 (40... Kf7 41. Ne3 Ra3 42. Nd5 Bg7 43. Rb7+ Kf8 44. Rc7 Ra4
45. Rxc5 $11 Rxe4 46. Rc8+ Kf7 47. Rc7+ Kg8 48. Ne7+ Kh8 49. Nf5 Bf8 50. Rc6
$11)) (37. Ne3 Nxe3 38. Bxe3 Rxa3 39. Rxb5 Rxc3 40. Rb6+ {and Wh has good
drawing chances against the bad B} Kf7 41. Rb7+ Kg6 42. Rb8 Be7 43. Rb7 Bd8 44.
Ra7 Rc4 (44... c4 45. Bc5 Rxh3 (45... Rb3 46. Bf8 $11) 46. Be3 $14)) 37... Nxa3
38. Rb6+ Kf7 39. Rb7+ $14 Ke6 40. Rb6+ Kf7 {& Wh mistakenly claimed a draw by
3 fold repetition ( however conced that a Be3 move had been played in between}
41. Rb7+ {& Bl accepted the draw, as, despite the extra time allocated, Bl
very short of time} (41. Rb7+ Kg6 42. Nd2 Ra8 43. Kf1 b4 44. cxb4 cxb4 45. Rc7
Nb5 46. Rc6 Kf7 47. Ke2 Ra2 $19 {Komodo11}) 1/2-1/2

[Event "WCPL:Cardigan-Abergavenny"]
[Site "?"]
[Date "2017.05.21"]
[Round "5.11"]
[White "Haigh, Tony"]
[Black "Adams, Mark"]
[Result "1/2-1/2"]
[WhiteElo "1817"]
[BlackElo "1942"]
[Annotator "Rudy"]
[PlyCount "61"]
[EventDate "2017.05.21"]

1. d4 d5 2. Nf3 c6 3. c4 e6 4. e3 (4. Nc3) 4... Bd6 (4... Nf6) (4... f5 {also
played}) 5. Nc3 Nd7 6. b3 (6. Bd3 {main}) (6. e4 {scores 85% for Wh}) 6... f5
7. Qc2 Ngf6 (7... Qf6 {is quite an aggresivemove, that has been played}) (7...
g6 {also allows Bl to retake with the e pawn & thus have an open e file}) 8.
cxd5 cxd5 9. Be2 (9. Nb5 {Komodo11} Bb8 10. Ba3 a6 11. Nd6+ Bxd6 12. Bxd6 Nb8
13. Bd3 $16 {Bl will have difficuly getting his pieces into play}) 9... Ne4 (
9... a6) 10. Nxe4 (10. Nb5 Bb8 11. Ba3 a6 12. Nc3 Qa5 13. Bb2 $11 {Komodo10})
10... fxe4 11. Nd2 O-O $15 12. f4 (12. O-O) 12... Nf6 (12... Qh4+ 13. g3 Qh3
14. Bf1 Qh6 $17 {Komodo11}) (12... g5 13. g3 gxf4 14. exf4 Nb8 15. O-O Nc6 16.
Bb2 Qb6 $15 {Komodo11; Wh has trouble protecting the d pawn}) 13. O-O Bd7 14.
a4 Rc8 $17 15. Qa2 Qa5 16. Nb1 Bb4 17. Ba3 Rc7 18. Bxb4 Qxb4 19. Bd1 Rfc8 (
19... Rc1 {Komodo11}) 20. Qd2 Qxd2 (20... Qd6 {swapping pieces helps the side
who has a space shortage}) 21. Nxd2 Rc3 22. Kf2 Ne8 23. Ra2 Nd6 24. g4 a5 (
24... g5 25. fxg5 Rd3 26. h4 Rf8+ 27. Ke2 e5 $1 $17 {Komodo11, has opened up
the game fot the Bl pieces}) 25. Nb1 Rc1 26. Be2 Rxf1+ (26... g5 $1 {still;
Komodo11} 27. Rxc1 Rxc1 28. Rb2 gxf4 29. exf4 h5 $17) 27. Bxf1 Nf7 $11 28. Na3
(28. Rb2) 28... g5 (28... Rc3 29. Rb2 Nd6 30. Nc2 Kf7 31. Ke1 b5 32. Kd2 b4 33.
Na1 h5 34. h3 g5 $1 35. fxg5 hxg4 36. hxg4 Kg6 37. Be2 Kxg5 38. Rc2 Rxc2+ 39.
Nxc2 Nf7 40. Ne1 e5 $19 {the g pawn goes, & the Bl K enters; Komodo11}) 29. Rc2
Rxc2+ 30. Nxc2 h6 31. Be2 $11 1/2-1/2

[Event "WCPL:Cardigan-Abergavenny"]
[Site "?"]
[Date "2017.05.21"]
[Round "5.12"]
[White "Dixon, Chris"]
[Black "Van Kemenade, Julie"]
[Result "1/2-1/2"]
[WhiteElo "1809"]
[BlackElo "1691"]
[Annotator "Rudy"]
[PlyCount "61"]
[EventDate "2017.05.22"]
[SourceDate "2017.05.21"]

1. Nf3 d6 2. g3 Nf6 3. Bg2 c6 4. O-O Nbd7 5. d3 e5 6. e4 g6 (6... Be7 {main,
tocover d6}) 7. Nbd2 Bg7 8. Nc4 Qc7 9. a4 (9. Bd2 O-O 10. Bb4 Ne8 11. a4 a5 12.
Ba3 Nb6 13. b3 {Akopian-Johnson, Wld ch U16, Rio Gallegos 1986,1-0}) 9... O-O
10. Re1 Ne8 (10... Re8 {main}) 11. d4 (11. c3 f5 12. Ng5 Nc5 13. b4 Ne6 14. a5
fxe4 15. dxe4 Nxg5 16. Bxg5 Qf7 17. Qe2 Be6 18. Nd2 $11 {Puig Moreira-Alvarez
Fernandez,Havana Municipal ch 2009,1-0}) 11... Ndf6 $2 {Bl miscounted the
balance of defenders vs attackers} (11... exd4 12. Nxd4 Ne5 13. Ne3 Nf6 $11 {
Komodo11}) (11... f6 $5 {Rudy} 12. Ne3 Rf7 13. b3 Nf8 14. Bb2 Bh6 $16 {Komodo11
}) 12. dxe5 $18 Nxe4 (12... dxe5 13. Ncxe5 Nd6 14. Bf4 Nh5 15. Nxg6 Rd8 16. Bg5
f6 17. Nf4 Nxe4 18. Qc1 Nxg5 19. Nxh5 Nh3+ 20. Bxh3 Bxh3 21. Qe3 $16) 13. exd6
N4xd6 (13... N8xd6 14. Bf4 Rd8 15. Rxe4 Nxe4 16. Bxc7 Rxd1+ 17. Rxd1 Be6 18.
Nfe5 Nc5 19. b3 $18 {Komodo10}) 14. Bf4 Nxc4 {best bet; Komodo11} 15. Bxc7 Nxc7
16. c3 $18 (16. b3 {returning some material} Nb6 17. Qd6 Bxa1 18. Rxa1 Nbd5 19.
c4 Ne8 20. Qa3 Ndc7 21. Re1 $18 {Komodo10}) 16... Nxb2 (16... Be6) 17. Qc2 Nc4
18. Nd4 Nd5 19. h3 (19. a5 {Komodo11, cuts down on some N activity}) 19... a5
$1 {looking at winning a4} 20. Rad1 (20. Rac1) 20... Ncb6 {Wh is having
difficulty getting his pieces active} 21. Kh2 Bd7 22. Bxd5 $6 {the Ns were a
nuisance, but the 2 Bs will also be, especially since Wh's K side has been
weakened} Nxd5 (22... cxd5 $16 {Komodo11, c3 & a4 are weak}) 23. Qb3 Rad8 (
23... b6 $16) 24. c4 $2 (24. Qxb7 Nxc3 25. Rd2 Bf5 26. Qb6 Bh6 27. f4 c5 28.
Nf3 (28. Qxc5 Ne4 29. Rxe4 Bxe4 30. Qxa5 $16) 28... Rb8 29. Qxa5 Ne4 30. Rg2
Bg7 31. g4 Bc3 32. Qc7 Rbc8 33. Qb7 Rb8 34. Qa6 Bc8 35. Qf1 Bxe1 36. Qxe1 Rb4
$16 {Komodo11}) 24... Nb4 $16 25. Nc2 c5 26. Nxb4 axb4 $11 27. Re2 Bc3 (27...
Bc6 28. Rxd8 Rxd8 29. a5 Bc3 $11 {Komodo10}) 28. Rd3 Bc6 (28... Bxa4 $1 {
considered} 29. Qb1 (29. Rxd8 Bxb3 $19) (29. Qxa4 Rxd3 30. Kg2 Bd4 $17) 29...
Rd4 30. Ree3 Rxc4 $17 {Komodo11}) 29. Rxd8 (29. Rxc3 {Wh has to break the
power of the 2 Bs} bxc3 30. Qxc3 Bxa4 31. Re5 Bc6 32. Rxc5 Rd1 33. g4 f6 $11 {
Komodo11}) 29... Rxd8 $11 30. Qc2 (30. a5 $11) 30... Bf3 (30... Ra8 $1 31. Qb1
Rxa4 32. Ra2 Bd4 33. Rxa4 Bxa4 34. Kg2 b3 $19 {Komodo11} (34... b5 35. cxb5
Bxb5 $17 {displaces the B}) 35. Kf3 b2 36. Ke4 Bc6+ 37. Kf4 (37. Kd3 f5) 37...
Bd7 38. g4 b5 39. cxb5 Bxb5 40. Qc2 c4 41. h4 Bg7 42. Ke3 Ba4 $19) 31. g4 $6 {
(draw?) Wh very short of time & Bl no longer feeling clearheaded} (31. g4 Bxe2
32. Qxe2 b3 $1 {Komodo11} (32... Rd2 33. Qe3 Rc2 34. h4 Bd4 35. Qe7 Rxf2+ 36.
Kg3 h6 37. Qxb7 Ra2 {also winning}) 33. Qe7 Rd2 34. Qxb7 b2 35. Qb8+ Kg7 36.
Qb3 Bd4 37. Kg3 Re2 38. Kf3 Re1 $19 {Komodo10}) (31. Re3 Rd2 32. Qxd2 Bxd2 33.
Rxf3 Bc3 34. Rd3 Bd4 35. Kg2 Kf8 $16) 1/2-1/2

[Event "WCPL:Nidum-Cardiff"]
[Site "?"]
[Date "2017.05.21"]
[Round "5.13"]
[White "Toczek, Grzegorz"]
[Black "Musson, Adam J"]
[Result "1-0"]
[WhiteElo "2252"]
[BlackElo "2092"]
[PlyCount "37"]
[EventDate "2017.05.21"]
[SourceDate "2016.10.09"]

1. e4 e5 2. Nc3 Nf6 3. Nf3 Nc6 4. d4 exd4 5. Nxd4 Bb4 6. Nxc6 bxc6 7. Bd3 O-O
8. O-O d5 9. exd5 cxd5 10. Qf3 c6 11. Bf4 Qe7 12. Ne2 Ne4 13. Rad1 f5 14. c3
Bd6 15. Nd4 Bd7 16. Rfe1 Be5 17. Qe3 Bxf4 18. Qxf4 Qd6 19. Rxe4 1-0

[Event "WCPL:Nidum-Cardiff"]
[Site "?"]
[Date "2017.05.21"]
[Round "5.14"]
[White "Saunders, Robert"]
[Black "Bullen, Alex"]
[Result "0-1"]
[WhiteElo "2086"]
[BlackElo "2100"]
[PlyCount "100"]
[EventDate "2017.05.21"]
[SourceDate "2016.10.09"]

1. e4 c6 2. d4 d5 3. Nd2 dxe4 4. Nxe4 Bf5 5. Ng3 Bg6 6. h4 h6 7. Nf3 Nd7 8. h5
Bh7 9. Bd3 Bxd3 10. Qxd3 e6 11. Bd2 Ngf6 12. Qe2 Be7 13. Ne5 c5 14. dxc5 Qc7
15. Nxd7 Nxd7 16. O-O-O Qxc5 17. Kb1 Nf6 18. Bc3 Qc6 19. Rhe1 O-O 20. Ne4 Nd5
21. Bd4 Rfd8 22. Qg4 Bf8 23. Nc3 Rac8 24. Ka1 Nb4 25. Qe2 Qc4 26. Be3 Qxe2 27.
Rxe2 Rxd1+ 28. Nxd1 Rxc2 29. Bd2 Nd3 30. Kb1 Rc5 31. g4 Re5 32. Re3 Rxe3 33.
Bxe3 Bc5 34. Bxc5 Nxc5 35. Kc2 Kf8 36. Kc3 Ke7 37. Kd4 Nd7 38. Ne3 Kf6 39. f4
g6 40. hxg6 fxg6 41. b4 Nb6 42. a3 Nd5 43. Ng2 Nxf4 44. Nxf4 e5+ 45. Ke4 exf4
46. Kxf4 h5 47. gxh5 gxh5 48. b5 Ke6 49. Kg5 Kd5 50. Kxh5 Kc5 0-1

[Event "WCPL:Nidum-Cardiff"]
[Site "?"]
[Date "2017.05.22"]
[Round "5.15"]
[White "Brown, Thomas"]
[Black "Davies, Matthew"]
[Result "1-0"]
[WhiteElo "2034"]
[BlackElo "1958"]
[PlyCount "53"]
[EventDate "2017.05.21"]
[SourceDate "2016.10.09"]

1. d4 d5 2. c4 e6 3. Nc3 Be7 4. Nf3 Nf6 5. Bf4 O-O 6. e3 b6 7. cxd5 exd5 8. Rc1
c6 9. Bd3 Nbd7 10. O-O Bb7 11. Qe2 Nh5 12. Ne5 g6 13. Bh6 Re8 14. f4 Ng7 15. f5
Nxe5 16. dxe5 Bg5 17. Bxg7 Kxg7 18. h4 Bh6 19. e6 fxe6 20. fxg6 hxg6 21. Qg4
Bxe3+ 22. Kh1 g5 23. Qh5 Bf4 24. Qh7+ Kf6 25. hxg5+ Ke5 26. Qg7+ Kd6 27. Rxf4
1-0

[Event "WCPL:Nidum-Cardiff"]
[Site "?"]
[Date "2017.05.21"]
[Round "5.16"]
[White "Evans, Craig"]
[Black "Hatchett, Paul"]
[Result "1/2-1/2"]
[WhiteElo "1997"]
[BlackElo "1989"]
[PlyCount "30"]
[EventDate "2017.05.21"]
[SourceDate "2016.10.09"]

1. e4 Nf6 2. Nc3 e5 3. Nf3 Nc6 4. d4 Bb4 5. Nxe5 Qe7 6. Qd3 Nxd4 7. Qxd4 Bc5 8.
Qd3 Qxe5 9. Be3 Bb4 10. Bd2 O-O 11. O-O-O d6 12. f4 Qe6 13. Qg3 Nxe4 14. Nxe4
Qxe4 15. Be3 Qg6 1/2-1/2

[Event "WCPL:Nidum-Cardiff"]
[Site "?"]
[Date "2017.05.21"]
[Round "5.17"]
[White "Jones, Derek"]
[Black "Bennett, Alan"]
[Result "0-1"]
[WhiteElo "1921"]
[BlackElo "2051"]
[PlyCount "40"]
[EventDate "2017.05.21"]
[SourceDate "2016.10.09"]

1. c4 e5 2. g3 Nf6 3. Bg2 d5 4. cxd5 Nxd5 5. Nc3 Nb6 6. Nf3 Nc6 7. O-O Be7 8.
Rb1 a5 9. a3 O-O 10. b4 Be6 11. e3 Bc4 12. b5 Bxf1 13. Qxf1 e4 14. bxc6 exf3
15. Bxf3 bxc6 16. Bxc6 Rb8 17. d4 Qd6 18. Bg2 Nd7 19. Nb5 Qg6 20. Bb2 Rxb5 0-1